Path integral methods /
Guardado en:
| Autor Principal: | |
|---|---|
| Otros Autores: | , |
| Formato: | Libro |
| Idioma: | English |
| Publicado: |
Oxford :
Clarendon Press,
1997.
|
| Materias: | |
| Etiquetas: |
Agregar Etiqueta
Sin Etiquetas, Sea el primero en etiquetar este registro!
|
| LEADER | 00727nam a2200217 a 4500 | ||
|---|---|---|---|
| 001 | MAT.inmabb004029 | ||
| 008 | 971110s1997####enka#####b####001#0#eng#d | ||
| 005 | 20180611161654.0 | ||
| 245 | 1 | 0 | |a Path integral methods / |c T. Kashiwa, Y. Ohnuki, and M. Suzuki. |
| 260 | |a Oxford : |b Clarendon Press, |c 1997. | ||
| 300 | |a viii, 216 p. : |b il. ; |c 24 cm. | ||
| 504 | |a Incluye referencias bibliográficas (p. [209]-213) e índice. | ||
| 020 | |a 0198517718 | ||
| 100 | 1 | |a Kashiwa, T. |q (Taro) | |
| 700 | 1 | |a Ohnuki, Y. |q (Yoshio) | |
| 700 | 1 | |a Suzuki, M. |q (Masuo), |d 1937-. | |
| 650 | 0 | |a Integrals, Path. | |
| 084 | |a 58D30 (81-01 81S40 58-01) |2 MSC2000 | ||
| 010 | |a 98102372 | ||
| 040 | |a ScU |c ScU |d DLC | ||
| 859 | |h 58 |i K19 |p A-8417 |b BIB. MATEMATICA | ||
